00995nam a2200217 a 450000100100000000500170001000800410002702000180006804000250008608200150011110000370012624500620016326000420022530000200026750000790028770000340036695201280040095201130052895201190064199900170076000004648520201002052914.0150819s2015 dr 000 0 spa d a9789945887471 aDO-SdBNPbspacBNPHU axxxxbxxxx1 aRivas, Mery Diana,d1943-97448110aAsí nací /cMery Diana Rivas ; prólogo Jaime Rivas. a[s.l.] :bTalleres Gráficos,c2015. a80 p. ;c22 cm. aIncluye datos biográficos de la autora en la solapa de la contracubierta12aRivas, Jaime,epról.974482 001054708DSaGRbGRcCTd2015-08-19iLF1l0oxxxx xxxxp46485-30r2020-06-25te. 3w2020-06-25yLFDSZPréstamo en sala 0010718PDaPDbPDcCTd2015-08-19iLF1l0oxxxx xxxxp46485-10r2020-06-25w2020-06-25yLFPDZNo se presta 0010718PDaPDbPDcCTd2015-08-19iLF1l0oxxxx xxxxp46485-20r2020-06-25te. 2w2020-06-25yLFPDZNo se presta c45974d45974